000 00581nam a22001697a 4500
005 20251108175000.0
008 250721s2008 xx 000 0 ara d
082 1 4 _a940/حدا
100 1 _aحداد، مهنا
245 1 0 _aالفكر العنصري الغربي من المنطلق الديني إلى مفاهيم العرق و الأقليات /
264 1 _aبيروت :
_bمؤسسة الانتشار العربي،
_c2008.
300 _a278 ص.
650 1 7 _aالحضارة الغربية
650 1 7 _aتاريخ أوروبا
942 _2ddc
_cBK
999 _c123118
_d123118